Sófocles: investigaciones sobre la estructura dramática de sus siete tragedias y sobre la personalidad de sus coros

Guardat en:
Dades bibliogràfiques
Format: Llibre
Idioma:espanyol
Publicat: s.l s.n 1970
Matèries:
Etiquetes: Afegir etiqueta
Sense etiquetes, Sigues el primer a etiquetar aquest registre!

MARC

LEADER 00000nam a2200000 a 4500
001 UCQ8082
003 CL-VaPUC
008 981127e19700000sl |||||||||||||||||spa|d
082 0 4 |a 882.09  |b SOF  |2 21 
245 1 0 |a Sófocles: investigaciones sobre la estructura dramática de sus siete tragedias y sobre la personalidad de sus coros 
300 |a 402 p 
942 |c BK 
945 |d 19981127 00:00:00  |a cmena 
260 |a s.l  |b s.n  |c 1970 
500 |a Faltan páginas Portada y Conclusiones 
600 0 |a Sófocles  |e autor  |9 269407 
650 0 |a Tragedia griega  |9 265362 
650 0 |a Crítica e interpretación   |9 255042 
650 7 |a DRAMA GRIEGO  |2 CL-VaPUC  |9 347922 
650 0 |a Historia y crítica   |9 257407 
583 |a last modification  |c 20180103 02:50:16  |k Rodrigo Vera 
999 |c 277438  |d 277436 
952 |0 0  |1 0  |4 0  |6 882_090000000000000_SOF_1970  |7 0  |8 A  |9 315371  |a BIBEDU  |b BIBEDU  |d 2019-11-20  |i 1497057  |l 2  |m 1  |o 882.09 SOF 1970  |p 1497057  |r 2022-06-14  |s 2022-06-14  |w 2019-11-20  |y BK  |k LIT